| 000 | 00535nam a2200181 i 4500 | ||
|---|---|---|---|
| 001 | 78349 | ||
| 003 | ES-MaACL | ||
| 005 | 20230906173651.0 | ||
| 007 | t| | ||
| 008 | 041013s1972 sp ||||1| spa d | ||
| 100 | 1 |
_aHardy, Thomas. _961838 |
|
| 245 | 1 | 0 |
_aJude el Oscuro / _cThomas Hardy ; [traductor, Francisco Torres Oliver]. |
| 260 |
_aMadrid : _bAlianza, _c[1972] |
||
| 300 |
_a513 p. ; _c18 cm. |
||
| 700 | 1 |
_aTorres Oliver, Francisco, _d1935- _9110996 |
|
| 852 |
_aES-MaACL _jC-54437 _bR.83700 |
||
| 999 |
_c78349 _d78349 |
||